[Event "Buxton e2e4 op-B 03"]
[Site "Buxton"]
[Date "2013.03.16"]
[Round "2"]
[White "Barwick, Ian"]
[Black "Grobler, David J"]
[Result "1-0"]
[WhiteElo "1870"]
[BlackElo "1742"]
[PlyCount "55"]
[EventDate "2013.03.15"]
[EventType "swiss"]
[EventRounds "5"]
[EventCountry "ENG"]
[SourceTitle "EXT 2015"]
[Source "ChessBase"]
[SourceDate "2014.11.20"]
[SourceVersion "1"]
[SourceVersionDate "2014.11.20"]
[SourceQuality "1"]

1. e4 c5 2. Nf3 Nc6 3. d4 cxd4 4. Nxd4 Nf6 5. Nc3 e6 6. Be3 Bb4 7. Bd3 d5 8. 0-0 0-0 9. Nxc6 bxc6 10. e5 Nd7 11. f4 Bc5 12. Bxh7+ Kxh7 13. Qh5+ Kg8 14. Bxc5 Nxc5 15. Rf3 f5 16. Rh3 Ne4 17. Nxe4 fxe4 18. Qh7+ Kf7 19. Rf1 Ba6 20. Rg3 Qb6+ 21. Kh1 Rg8 22. f5 Bxf1 23. f6 Qd8 24. Rxg7+ Rxg7 25. Qxg7+ Ke8 26. f7+ Kd7 27. f8Q+ Kc8 28. Qxd8+ 1-0